Normal view
MARC view
Entry Personal Name
001 - CONTROL NUMBER
- control field: 941119
003 - CONTROL NUMBER IDENTIFIER
- control field: OSt
005 - DATE AND TIME OF LATEST TRANSACTION
- control field: 20260121110026.0
008 - FIXED-LENGTH DATA ELEMENTS
- fixed length control field: 260121|| aca||aabn | a|a d
040 ## - CATALOGING SOURCE
- Original cataloging agency: OSt
- Transcribing agency: OSt
100 ## - HEADING--PERSONAL NAME
- Personal name: प्रतीक अहुजा / Prateek Ahuja
670 ## - SOURCE DATA FOUND
- Source citation: Work cat.: (OSt)1532784: प्रतीक अहुजा / Prateek Ahuja, फ्लोरीकल्चर: फ़ूलों की कृषि एवं व्यवसायिक प्रयोग / Floriculture: Phoolon ki Krishi aur Vyavsayik Prayog, 2021
